000 00531cam a22001934a 4500
005 20250605164224.0
008 250528s ||||||||||||||||||||||||d
035 _a20787
020 _a9601213775
040 _aGR-AtMCL
_bgre
_dGR-AtMCL
_eAACR2
245 1 _aΗ ΤΕΧΝΟΛΟΓΙΚΗ ΔΙΑΣΤΑΣΗ ΤΟΥ ΣΧΕΔΙΑΣΜΟΥ
250 _a1
260 _bUniversity Studio Press,
_c2005
300 _a217
700 1 _aΜαλινδρετος Μιχαλης
_96750
942 _cBK
999 _c5869
_d5869